UEFA Championsleague - Allzeit beste 11 - Statistiken

Allgemein
  • Dieses Quiz wurde 1.938 mal gespielt
  • Das Durchschnittsergebnis liegt bei 9 aus 11
Antwortstatistiken
Position Nationalität Spiele Scorer Cl-Titel Antwort % Korrekt
Linker Flügel Portugal 183 188 5 Cristiano Ronaldo
99%
Rechter Flügel Argentinien 163 174 4 Lionel Messi
99%
Zentrales Mittelfeld Kroatien 112 26 5 Luka Modric
98%
Stürmer Polen 111 116 1 Robert Lewandowski
98%
Zentrales Mittelfeld Deutschland 134 40 5 Toni Kroos
95%
Rechtsverteidiger Deutschland 112 15 1 Phillip Lahm
94%
Innenverteidiger Spanien 137 24 4 Sergio Ramos
92%
Torwart Spanien 177 0 3 Iker Casillas
89%
Innenverteidiger Spanien 115 3 3 Carlos Puyol
71%
Linksverteidiger Italien 116 9 3 Paolo Maldini
71%
Zentrales MIttelfeld Niederlande 125 38 4 Clarence Seedorf
39%
Keine übereinstimmenden Quizze gefunden
Verteilung der Resultate
Anzahl Personen mit jedem Resultat
Perzentil nach korrekt beantworteten Fragen
Ihre Resultats-Entwicklung
Sie haben dieses Quiz noch nicht gespielt